[Event "South Normanton 4NCL op-B 23rd"]
[Site "South Normanton"]
[Date "2019.10.06"]
[Round "5"]
[White "Graham, Neil"]
[Black "Davies, Sam"]
[Result "1/2-1/2"]
[WhiteElo "1769"]
[BlackElo "1720"]
[PlyCount "28"]
[EventDate "2019.10.04"]
[EventType "swiss"]
[EventRounds "5"]
[EventCountry "ENG"]
[SourceTitle "CBM 193 Extra"]
[Source "ChessBase"]
[SourceDate "2020.01.31"]
[SourceVersion "1"]
[SourceVersionDate "2020.01.31"]
[SourceQuality "1"]

1. d4 Nf6 2. f3 c5 3. d5 d6 4. c4 e5 5. e4 Be7 6. Bd3 0-0 7. Nc3 Na6 8. Nge2 Ne8 9. 0-0 Bg5 10. f4 exf4 11. Nxf4 h6 12. a3 Nf6 13. h3 Nd7 14. b3 Ne5 1/2-1/2

[Event "South Wales op 16th"]
[Site "Cardiff"]
[Date "2019.07.10"]
[Round "6"]
[White "Spanton, Timothy"]
[Black "Davies, Sam"]
[Result "1/2-1/2"]
[WhiteElo "1900"]
[BlackElo "1705"]
[PlyCount "120"]
[EventDate "2019.07.07"]
[EventType "swiss"]
[EventRounds "9"]
[EventCountry "WLS"]
[SourceTitle "CBM 191 Extra"]
[Source "ChessBase"]
[SourceDate "2019.09.30"]
[SourceVersion "1"]
[SourceVersionDate "2019.09.30"]
[SourceQuality "1"]

1. e4 e6 2. d3 c5 3. Nf3 Nc6 4. c3 Nf6 5. Nbd2 Be7 6. g3 0-0 7. Bg2 d5 8. 0-0 b6 9. e5 Nd7 10. Re1 Qc7 11. Qe2 Ba6 12. Nf1 b5 13. Bf4 b4 14. c4 Nb6 15. b3 Rad8 16. Rad1 Bb7 17. h4 a5 18. Ng5 Nd4 19. Qh5 Bxg5 20. Bxg5 Ra8 21. cxd5 Bxd5 22. Bxd5 Nxd5 23. Nh2 Nc3 24. Rd2 a4 25. Qg4 Kh8 26. Nf3 Ncb5 27. bxa4 Nxf3+ 28. Qxf3 Nd4 29. Qf4 Rxa4 30. Bf6 Nf5 31. g4 gxf6 32. gxf5 Rg8+ 33. Kh2 fxe5 34. Qxe5+ Qxe5+ 35. Rxe5 b3 36. Re4 Rxa2 37. Rxa2 bxa2 38. Ra4 exf5 39. Rxa2 Rg4 40. Kh3 Rd4 41. Ra3 h5 42. Rc3 Kg7 43. f3 Rd5 44. Kg3 Kf6 45. f4 Ke6 46. Kf3 Rd8 47. Rxc5 Rxd3+ 48. Kg2 Rd8 49. Kf3 Rg8 50. Rc6+ Ke7 51. Rc5 Kf6 52. Rc6+ Kg7 53. Rc5 Kg6 54. Rc6+ f6 55. Rc7 Ra8 56. Rb7 Ra1 57. Kg2 Re1 58. Ra7 Re2+ 59. Kg3 Re1 60. Kg2 Re6 1/2-1/2

[Event "South Wales op 16th"]
[Site "Cardiff"]
[Date "2019.07.07"]
[Round "2"]
[White "Emblem, Mark"]
[Black "Davies, Sam"]
[Result "0-1"]
[WhiteElo "1513"]
[BlackElo "1705"]
[PlyCount "66"]
[EventDate "2019.07.07"]
[EventType "swiss"]
[EventRounds "9"]
[EventCountry "WLS"]
[SourceTitle "CBM 191 Extra"]
[Source "ChessBase"]
[SourceDate "2019.09.30"]
[SourceVersion "1"]
[SourceVersionDate "2019.09.30"]
[SourceQuality "1"]

1. d4 Nf6 2. Nc3 d5 3. Bf4 c6 4. e3 Bf5 5. Bd3 Bxd3 6. Qxd3 e6 7. Nf3 Bd6 8. Bg3 Bxg3 9. hxg3 Nbd7 10. 0-0-0 Qa5 11. Kb1 b5 12. e4 b4 13. e5 bxc3 14. exf6 Nxf6 15. Qxc3 Qxc3 16. bxc3 Ne4 17. Ka1 Nxf2 18. Ne5 Nxd1 19. Rxd1 Rc8 20. Rf1 f6 21. Nd3 0-0 22. Nc5 e5 23. dxe5 fxe5 24. Rxf8+ Rxf8 25. Kb2 Rf2 26. Nd3 Re2 27. Kc1 e4 28. Nf4 Rf2 29. a4 g5 30. Ne6 Rxg2 31. Nxg5 Rxg3 32. Ne6 Rxc3 33. Nd4 Rc4 0-1

[Event "Nottingham 4NCL Major op"]
[Site "Nottingham"]
[Date "2018.09.30"]
[Round "4"]
[White "Davies, Sam"]
[Black "Llewellyn, Alan Mansel"]
[Result "1-0"]
[WhiteElo "1698"]
[BlackElo "1470"]
[PlyCount "121"]
[EventDate "2018.09.28"]
[EventType "swiss"]
[EventRounds "5"]
[EventCountry "ENG"]
[SourceTitle "CBM 187 Extra"]
[Source "ChessBase"]
[SourceDate "2018.11.04"]
[SourceVersion "1"]
[SourceVersionDate "2018.11.04"]
[SourceQuality "1"]

1. e4 d6 2. Nc3 Nf6 3. g3 Bg4 4. f3 Bd7 5. Bg2 c5 6. d3 Nc6 7. f4 Bg4 8. Nf3 Nd4 9. h3 Nxf3+ 10. Bxf3 Bxf3 11. Qxf3 e5 12. 0-0 Be7 13. fxe5 dxe5 14. Nd5 0-0 15. Nxe7+ Qxe7 16. Bg5 Qd7 17. Bxf6 gxf6 18. Kg2 c4 19. Rad1 Qa4 20. b3 Qxa2 21. bxc4 Qxc2+ 22. Rf2 Qa4 23. Qg4+ Kh8 24. Rxf6 Rg8 25. Qe2 Rg7 26. Rdf1 Rag8 27. R1f3 Qe8 28. Qb2 b6 29. R6f5 Rg5 30. Rxf7 Rxg3+ 31. Rxg3 Rxg3+ 32. Kxg3 Qg8+ 33. Kh2 Qxf7 34. Qxe5+ Kg8 35. Qg5+ Qg7 36. Qd8+ Qf8 37. Qd4 Qg7 38. e5 Qe7 39. Qb2 Qg5 40. Qd4 Qe7 41. Qd5+ Qf7 42. Qd8+ Qf8 43. Qg5+ Qg7 44. Qe3 h6 45. e6 Qc7+ 46. Kg2 Qc6+ 47. Kf2 Qc5 48. Ke2 Qxe3+ 49. Kxe3 Kg7 50. d4 Kf6 51. d5 a5 52. Kd3 Ke7 53. h4 h5 54. Kc3 Kd6 55. Kd4 Ke7 56. Ke5 Kd8 57. d6 Ke8 58. Kf6 a4 59. d7+ Kd8 60. Kf7 a3 61. e7+ 1-0

[Event "Telford 4NCL op-B 19th"]
[Site "Telford"]
[Date "2018.07.14"]
[Round "3"]
[White "Davies, Sam"]
[Black "Paul, Nathanael"]
[Result "1/2-1/2"]
[WhiteElo "1722"]
[BlackElo "1907"]
[PlyCount "137"]
[EventDate "2018.07.13"]
[EventType "swiss"]
[EventRounds "5"]
[EventCountry "ENG"]
[SourceTitle "EXT 2019"]
[Source "ChessBase"]
[SourceDate "2018.10.10"]
[SourceVersion "1"]
[SourceVersionDate "2018.10.10"]
[SourceQuality "1"]

1. e4 c6 2. d4 d5 3. exd5 cxd5 4. c3 Nc6 5. Bf4 Nf6 6. Bd3 g6 7. Nf3 Bg7 8. Nbd2 0-0 9. 0-0 Nh5 10. Bg5 Qd6 11. Re1 f6 12. Be3 e5 13. Be2 Bg4 14. h3 Bd7 15. Nb3 e4 16. Nh2 Nf4 17. Bxf4 Qxf4 18. Nc5 Qc7 19. Qb3 Kh8 20. Qxd5 Bf5 21. Qb3 b6 22. Ne6 Bxe6 23. Qxe6 Rae8 24. Qc4 Qd6 25. Nf1 f5 26. Bd1 Nd8 27. Ba4 Re7 28. a3 Ne6 29. Qb4 Qc7 30. Ne3 Rd8 31. Qc4 f4 32. Qxc7 Nxc7 33. Nf1 b5 34. Bc2 Rde8 35. Nd2 e3 36. fxe3 fxe3 37. Nf3 Nd5 38. Bd3 a6 39. Rad1 Re6 40. Be2 Nf4 41. Kh2 Nd5 42. Ng5 R6e7 43. Rf1 Kg8 44. Rde1 Bh6 45. h4 Bg7 46. g3 Nf6 47. Kh3 h6 48. Nf3 Ne4 49. Kg2 Nd2 50. Rg1 Rf8 51. Rd1 Kh7 52. Nxd2 Rf2+ 53. Kh3 Rxe2 54. Nb3 Rxb2 55. Rb1 Rxb1 56. Rxb1 e2 57. Re1 Re3 58. Nc5 Bf8 59. Kg2 Bd6 60. Kf2 Bxg3+ 61. Kxe3 Bxe1 62. h5 gxh5 63. Kxe2 Bxc3 64. Nxa6 Bxd4 65. Nc7 Kg6 66. Kf3 Kf5 67. Nxb5 Bc5 68. Kg2 Kg4 69. Kh1 1/2-1/2

[Event "Wakefield 4NCL op-B 8th"]
[Site "Wakefield"]
[Date "2016.04.03"]
[Round "5"]
[White "Davies, Sam"]
[Black "Potter, Steven"]
[Result "1/2-1/2"]
[WhiteElo "1712"]
[BlackElo "1883"]
[PlyCount "36"]
[EventDate "2016.04.01"]
[EventType "swiss"]
[EventRounds "5"]
[EventCountry "ENG"]
[SourceTitle "CBM 171 Extra"]
[Source "ChessBase"]
[SourceDate "2016.04.26"]
[SourceVersion "1"]
[SourceVersionDate "2016.04.26"]
[SourceQuality "1"]

1. d4 e6 2. Nf3 b6 3. e4 Bb7 4. Nbd2 c5 5. c3 Nf6 6. Bd3 d5 7. e5 Ne4 8. 0-0 Nd7 9. Re1 cxd4 10. cxd4 Bb4 11. a3 Bxd2 12. Bxd2 Rc8 13. Bxe4 dxe4 14. Ng5 e3 15. Bxe3 h6 16. Nf3 0-0 17. Bd2 f5 18. Bb4 Rf7 1/2-1/2

[Event "Wakefield 4NCL op-B 8th"]
[Site "Wakefield"]
[Date "2016.04.02"]
[Round "3"]
[White "Davies, Sam"]
[Black "Slinger, Tony J"]
[Result "1/2-1/2"]
[WhiteElo "1712"]
[BlackElo "1926"]
[PlyCount "41"]
[EventDate "2016.04.01"]
[EventType "swiss"]
[EventRounds "5"]
[EventCountry "ENG"]
[SourceTitle "CBM 171 Extra"]
[Source "ChessBase"]
[SourceDate "2016.04.26"]
[SourceVersion "1"]
[SourceVersionDate "2016.04.26"]
[SourceQuality "1"]

1. d4 d5 2. Nf3 Nf6 3. c4 c6 4. cxd5 cxd5 5. Nc3 Nc6 6. Bf4 a6 7. e3 e6 8. Be2 Be7 9. h3 0-0 10. 0-0 Nh5 11. Bh2 f5 12. Ne5 Nf6 13. Rc1 Bd7 14. a3 Nxe5 15. dxe5 Ne8 16. Bd3 Nc7 17. Ne2 Nb5 18. a4 Na7 19. Nd4 Nc6 20. Qb3 Nxd4 21. exd4 1/2-1/2

[Event "Wetherby 4NCL op-B 6th"]
[Site "Wetherby"]
[Date "2016.01.10"]
[Round "5"]
[White "Dean, Robert A"]
[Black "Davies, Sam"]
[Result "1-0"]
[WhiteElo "1824"]
[BlackElo "1585"]
[PlyCount "77"]
[EventDate "2016.01.08"]
[EventType "swiss"]
[EventRounds "5"]
[EventCountry "ENG"]
[SourceTitle "CBM 170 Extra"]
[Source "ChessBase"]
[SourceDate "2016.02.25"]
[SourceVersion "1"]
[SourceVersionDate "2016.02.25"]
[SourceQuality "1"]

1. e4 c6 2. c4 e5 3. Nf3 d6 4. Nc3 Nf6 5. Be2 g6 6. 0-0 Bg7 7. d4 Nbd7 8. Bg5 0-0 9. Qd2 Qc7 10. Rfe1 Re8 11. Bd1 exd4 12. Nxd4 a5 13. Bc2 Nc5 14. Rad1 Nfd7 15. Nb3 Ne6 16. Bh6 Ne5 17. Bxg7 Kxg7 18. Bd3 a4 19. Nc1 Nc5 20. Be2 Be6 21. Qd4 Kg8 22. f4 Ned7 23. Rd2 Qb6 24. Kh1 Red8 25. Rf1 f5 26. exf5 Bxf5 27. g4 Be6 28. f5 Bf7 29. Qf4 Ne5 30. Rfd1 Qc7 31. b3 axb3 32. Nxb3 Nxb3 33. axb3 Ra3 34. Ne4 d5 35. Qh6 Qe7 36. Ng5 Be8 37. f6 Qc7 38. Ne6 Qd7 39. Qf8# 1-0